British Culture #9 - Statistics

General Stats
  • This quiz has been taken 75 times
  • The average score is 7 of 10
Answer Stats
Question Answer % Correct
What colour are traditional London taxi cabs? Black
96%
Which city has been home to the Scottish Parliament since 1999? Edinburgh
94%
Which fictional hero first appeared in the 1953 novel ‘Casino Royale’? James Bond
90%
Which monarch was given the title Empress of India in 1876? Queen Victoria
90%
Who do England play Test Cricket against in The Ashes? Australia
80%
Which county, in the far south-east, is nicknamed ‘The Garden of England’? Kent
80%
Which singer starred in films ‘The Young Ones’ and ‘Summer Holiday’? Cliff Richard
55%
Who, in 2000, became London’s first directly-elected mayor? Ken Livingstone
49%
Who composed The Enigma Variations & The Pomp & Circumstance Marches? Edward Elgar
46%
Who played Kevin the Teenager, Wayne Slob and Tim Nice-But-Dim? Harry Enfield
41%
No matching quizzes found
Score Distribution
Percent of People with Each Score
Percentile by Number Answered
Your Score History
You have not taken this quiz